Dictionnaire général de la politique / (Record no. 152249)

MARC details
000 -LEADER
campo de control de longitud fija 00700nam a22001695i 4500
001 - NÚMERO DE CONTROL
campo de control 152249
003 - IDENTIFICADOR DE NÚMERO DE CONTROL
campo de control ES-MaACL
005 - FECHA Y HORA DE LA ÚLTIMA TRANSACCIÓN
campo de control 20250920063103.0
008 - DATOS DE LONGITUD FIJA--INFORMACIÓN GENERAL
campo de control de longitud fija 950206m18631864fr |||| | fre d
040 ## - FUENTE DE CATALOGACIÓN
Centro catalogador/agencia de origen CLM
Lengua de catalogación spa
Centro/agencia transcriptor CCPB | PA2
100 1# - ENTRADA PRINCIPAL--NOMBRE DE PERSONA
Nombre de persona Block, Maurice,
Fechas asociadas al nombre 1816-1901
9 (RLIN) 154518
245 10 - MENCIÓN DEL TÍTULO
Título Dictionnaire général de la politique /
Mención de responsabilidad, etc. par Maurice Block ; avec la collaboration d'hommes d'état, de publicistes et d'écrivains de tous les pays.
260 ## - PUBLICACIÓN, DISTRIBUCIÓN, ETC.
Lugar de publicación, distribución, etc. Paris :
Nombre del editor, distribuidor, etc. O. Lorenz, libraire-éditeur,
Fecha de publicación, distribución, etc. 1863-1864 (
Lugar de fabricación/manufactura Strasbourg :
Fabricante Imprimerie de Veuve Berger-Levrault)
300 ## - DESCRIPCIÓN FÍSICA
Extensión 2 v. (VI, 1176 ; 1140) ;
Dimensiones 24 cm.
852 ## - LOCALIZACIÓN
Ubicación ES-MaACL
Número de control de estantería B-91-92
Nota libre -- Enc. pasta
Holdings
Estatus retirado Estado de pérdida Estado de daño No para préstamo Colección Biblioteca de origen Biblioteca actual Ubicación en estantería Fecha de adquisición Fuente de adquisición Total de préstamos Signatura topográfica completa Código de barras Visto por última vez Precio de reemplazo Tipo de ítem Koha
        Libros del s. XIX Biblioteca del Ateneo de Madrid Biblioteca del Ateneo de Madrid Sala Pardo Bazán 17/01/2008     B-91-92 1158952 23/02/2023 23/02/2023 Libro impreso antiguo